000 00427 a2200145 4500
005 20240928125614.0
008 240928b |||||||| |||| 00| 0 eng d
020 _a9789390684151
041 _aeng
100 _aMajumdar P.
_9205395
245 _aLearn Emotion Analysis With R
_cPerform Sentiment Assessment, Extract Emotions and Learn NLP Techniques Using R and Shiny
260 _bBPB
_c2024
300 _a530
942 _cBK
999 _c357145
_d357145